Just plain fancy / (Record no. 34273)
[ view plain ]
| 000 -LEADER | |
|---|---|
| fixed length control field | 01248cam a2200337 a 4500 |
| 001 - CONTROL NUMBER | |
| control field | 3399361 |
| 003 - CONTROL NUMBER IDENTIFIER | |
| control field | OSt |
| 005 - DATE AND TIME OF LATEST TRANSACTION | |
| control field | 20140310184423.0 |
| 008 - FIXED-LENGTH DATA ELEMENTS--GENERAL INFORMATION | |
| fixed length control field | 890918s1990 nyua j 000 1 eng |
| 010 ## - LIBRARY OF CONGRESS CONTROL NUMBER | |
| LC control number | 89027856 |
| 020 ## - INTERNATIONAL STANDARD BOOK NUMBER | |
| International Standard Book Number | 059009842X |
| 040 ## - CATALOGING SOURCE | |
| Original cataloging agency | DLC |
| Transcribing agency | DLC |
| Modifying agency | DLC |
| 042 ## - AUTHENTICATION CODE | |
| Authentication code | lcac |
| 050 00 - LIBRARY OF CONGRESS CALL NUMBER | |
| Classification number | PZ 7 |
| Item number | .P75186Ju 1990 |
| 100 1# - MAIN ENTRY--PERSONAL NAME | |
| Personal name | Polacco, Patricia. |
| 9 (RLIN) | 23184 |
| 245 10 - TITLE STATEMENT | |
| Title | Just plain fancy / |
| Statement of responsibility, etc | Patricia Polacco. |
| 260 ## - PUBLICATION, DISTRIBUTION, ETC. (IMPRINT) | |
| Place of publication, distribution, etc | New York, N.Y. : |
| Name of publisher, distributor, etc | Bantam Books, |
| Date of publication, distribution, etc | 1990. |
| 300 ## - PHYSICAL DESCRIPTION | |
| Other physical details | col. ill. ; |
| Dimensions | 28 cm. |
| 520 ## - SUMMARY, ETC. | |
| Summary, etc | Naomi, an Amish girl whose elders have impressed upon her the importance of adhering to the simple ways of her people, is horrified when one of her hen eggs hatches into an extremely fancy bird. |
| 521 ## - TARGET AUDIENCE NOTE | |
| Target audience note | |
| 526 ## - STUDY PROGRAM INFORMATION NOTE | |
| Reading level | 660 |
| 562 ## - COPY AND VERSION IDENTIFICATION NOTE | |
| Number of copies | 1 |
| 650 #1 - SUBJECT ADDED ENTRY--TOPICAL TERM | |
| Topical term or geographic name as entry element | Amish |
| General subdivision | Fiction. |
| 9 (RLIN) | 26818 |
| 650 #1 - SUBJECT ADDED ENTRY--TOPICAL TERM | |
| Topical term or geographic name as entry element | Peacocks |
| General subdivision | Fiction. |
| 9 (RLIN) | 26819 |
| 650 #1 - SUBJECT ADDED ENTRY--TOPICAL TERM | |
| Topical term or geographic name as entry element | Eggs |
| General subdivision | Fiction. |
| 9 (RLIN) | 26820 |
| 856 42 - ELECTRONIC LOCATION AND ACCESS | |
| Materials specified | Publisher description |
| Uniform Resource Identifier | <a href="http://www.loc.gov/catdir/description/random0410/89027856.html">http://www.loc.gov/catdir/description/random0410/89027856.html</a> |
| 906 ## - LOCAL DATA ELEMENT F, LDF (RLIN) | |
| a | 7 |
| b | cbc |
| c | orignew |
| d | 1 |
| e | ocip |
| f | 19 |
| g | y-gencatlg |
| 942 ## - ADDED ENTRY ELEMENTS (KOHA) | |
| Source of classification or shelving scheme | Library of Congress Classification |
| Koha item type | |
| Withdrawn status | Lost status | Source of classification or shelving scheme | Damaged status | Home library | Current library | Shelving location | Date acquired | Total Checkouts | Full call number | Barcode | Date last seen | Copy number | Price effective from | Koha item type |
|---|---|---|---|---|---|---|---|---|---|---|---|---|---|---|
| Library of Congress Classification | Luxembourg Library | Luxembourg Library | Scholastic Reading Center Section | 10/09/2013 | PZ 7 .P75186Ju 1990 | LEX3048 | 04/18/2017 | 1 | 10/09/2013 | Books |